<?xml version="1.0" encoding="UTF-8"?>
<record
    xmlns:xsi="http://www.w3.org/2001/XMLSchema-instance"
    xsi:schemaLocation="http://www.loc.gov/MARC21/slim http://www.loc.gov/standards/marcxml/schema/MARC21slim.xsd"
    xmlns="http://www.loc.gov/MARC21/slim">

  <leader>00671cam a2200217 a 4500</leader>
  <controlfield tag="001"> 84652</controlfield>
  <controlfield tag="003">BD-RjUL</controlfield>
  <controlfield tag="005">20250209131037.0</controlfield>
  <controlfield tag="008">250207s1957    pk a          000 0durdo </controlfield>
  <datafield tag="035" ind1=" " ind2=" ">
    <subfield code="a">(BD-RjUL) 84652</subfield>
  </datafield>
  <datafield tag="040" ind1=" " ind2=" ">
    <subfield code="a">DLC</subfield>
    <subfield code="c">DLC</subfield>
    <subfield code="d">DLC</subfield>
    <subfield code="b">eng</subfield>
  </datafield>
  <datafield tag="041" ind1=" " ind2=" ">
    <subfield code="a">urd</subfield>
  </datafield>
  <datafield tag="082" ind1=" " ind2=" ">
    <subfield code="2">23</subfield>
    <subfield code="a">915.1</subfield>
    <subfield code="b">HAS 1957</subfield>
  </datafield>
  <datafield tag="245" ind1="1" ind2="0">
    <subfield code="a">&#x633;&#x641;&#x631; &#x646;&#x627;&#x645;&#x6C2; &#x686;&#x6CC;&#x646;  ;; :safar n&#x101;mah c&#x12B;n /</subfield>
    <subfield code="c">&#x639;&#x628;&#x62F;&#x627;&#x644;&#x642;&#x62F;&#x648;&#x633; &#x6C1;&#x627;&#x634;&#x645;&#x6CC; ;; Abdul Quddus Hashmi</subfield>
  </datafield>
  <datafield tag="260" ind1=" " ind2=" ">
    <subfield code="a">Karachi :</subfield>
    <subfield code="b">Anjuman press, ,</subfield>
    <subfield code="c">1957</subfield>
  </datafield>
  <datafield tag="300" ind1=" " ind2=" ">
    <subfield code="a">158 p. :</subfield>
    <subfield code="b">col. ill. ;</subfield>
    <subfield code="c">18 cm.</subfield>
  </datafield>
  <datafield tag="600" ind1="1" ind2="0">
    <subfield code="a">&#x100;s&#x12B;, Sa&#x2BB;&#x12B;d</subfield>
    <subfield code="x">Travel</subfield>
    <subfield code="z">China.</subfield>
    <subfield code="9">14928</subfield>
  </datafield>
  <datafield tag="651" ind1=" " ind2="0">
    <subfield code="a">China</subfield>
    <subfield code="x">Social life and customs.</subfield>
    <subfield code="9">14929</subfield>
  </datafield>
  <datafield tag="942" ind1=" " ind2=" ">
    <subfield code="2">ddc</subfield>
    <subfield code="c">BK</subfield>
  </datafield>
  <datafield tag="999" ind1=" " ind2=" ">
    <subfield code="c">84652</subfield>
    <subfield code="d">84652</subfield>
  </datafield>
  <datafield tag="952" ind1=" " ind2=" ">
    <subfield code="0">0</subfield>
    <subfield code="1">0</subfield>
    <subfield code="2">ddc</subfield>
    <subfield code="4">0</subfield>
    <subfield code="7">1</subfield>
    <subfield code="8">NFIC</subfield>
    <subfield code="a">RUCL</subfield>
    <subfield code="b">RUCL</subfield>
    <subfield code="c">Reading</subfield>
    <subfield code="d">2025-02-09</subfield>
    <subfield code="l">0</subfield>
    <subfield code="o">U 915.1 HAS 1957</subfield>
    <subfield code="r">2025-02-09 00:00:00</subfield>
    <subfield code="t">C-1</subfield>
    <subfield code="w">2025-02-09</subfield>
    <subfield code="y">BK</subfield>
  </datafield>
</record>
